| Tag |
First Indicator |
Second Indicator |
Subfields |
| LEADER |
00000cam a2200000 a 4500 |
| 001 |
in00005651997 |
| 003 |
OCoLC |
| 005 |
20250730133421.0 |
| 008 |
240923s2025 xx 0|| 0 eng d |
| 035 |
|
|
|a (OCoLC)1456586987
|
| 040 |
|
|
|a YDX
|e rda
|c YDX
|d COO
|d AUM
|
| 020 |
|
|
|a 0226838897
|
| 020 |
|
|
|a 9780226838892
|
| 020 |
|
|
|z 9780226838915
|q paperback
|
| 050 |
|
4 |
|a B3213.B84
|b C65 2025
|
| 082 |
0 |
|
|a 296.3092
|2 23
|
| 245 |
0 |
2 |
|a A companion to Martin Buber /
|c edited by Paul Mendes-Flohr.
|
| 260 |
|
|
|a Chicago :
|b University of Chicago Press,
|c 2025.
|
| 300 |
|
|
|a 399 pages ;
|c 24 cm.
|
| 336 |
|
|
|a text
|2 rdacontent
|
| 337 |
|
|
|a unmediated
|2 rdamedia
|
| 338 |
|
|
|a volume
|2 rdacarrier
|
| 504 |
|
|
|a Includes bibliographical references and index.
|
| 520 |
|
|
|a A definitive, international guide to the thought of the most important twentieth-century Jewish philosopher. In his 1923 essay, I and Thou, the philosopher, theologian and activist Martin Buber introduced a philosophy of dialogue that achieved a global, interdisciplinary resonance. For Buber, dialogue was more than a conversation. Dialogue discloses something essential about our orientation and our lives with one another. This companion assembles twenty-six scholars from a dozen countries to explore Buber’s international reputation and legacy in education, interfaith relations, Judaism, philosophy, politics and psychology. The result is an essential guide to one of the most influential Jewish thinkers of the twentieth century.
|
| 600 |
1 |
0 |
|a Buber, Martin,
|d 1878-1965.
|
| 650 |
|
0 |
|a Jewish philosophy
|y 20th century.
|
| 700 |
1 |
|
|a Mendes-Flohr, Paul,
|e editor
|
| 945 |
|
|
|b 462040
|
| 947 |
|
|
|a A14852297366
|
| 948 |
|
|
|a dmitchel 7/30/25 8.30.20
|
| 980 |
|
|
|b print
|c 40032821116
|f NONFIC/B
|g 565714
|k USD
|m 132.25
|q 1
|s AcqMono Conventional
|t Approval plan
|u Vendor order reference number
|v ZYBP
|y Print approval
|z Physical resource
|
| 999 |
f |
f |
|i ca705582-d07a-4350-8098-3cecbec5f789
|s b45f98ac-e6fe-43ce-8004-0b083eb1346b
|t 0
|
| 952 |
f |
f |
|p normal
|a Texas A&M University
|b College Station
|c Sterling C. Evans Library
|d Evans: Library Stacks
|t 0
|e B3213.B84 C65 2025
|h Library of Congress classification
|i unmediated -- volume
|m A14852297366
|
| 998 |
f |
f |
|a B3213.B84 C65 2025
|t 0
|l Evans: Library Stacks
|